The Hotel receptionists / (Record no. 14439)
[ view plain ]
| 000 -LEADER | |
|---|---|
| fixed length control field | 00494nam a22001697a 4500 |
| 003 - CONTROL NUMBER IDENTIFIER | |
| control field | PILC |
| 005 - DATE AND TIME OF LATEST TRANSACTION | |
| control field | 20150112093432.0 |
| 008 - FIXED-LENGTH DATA ELEMENTS--GENERAL INFORMATION | |
| fixed length control field | 130220t xxu||||| |||| 00| 0 eng d |
| 020 ## - INTERNATIONAL STANDARD BOOK NUMBER | |
| International Standard Book Number | 030431532x |
| 050 ## - LIBRARY OF CONGRESS CALL NUMBER | |
| Classification number | TX 930 |
| Item number | .P35 1984 |
| 082 ## - DEWEY DECIMAL CLASSIFICATION NUMBER | |
| Classification number | HSF 647.94068 |
| Item number | .P15 1984 |
| 100 ## - MAIN ENTRY--PERSONAL NAME | |
| Personal name | Paige, Grace |
| 9 (RLIN) | 13016 |
| 245 ## - TITLE STATEMENT | |
| Title | The Hotel receptionists / |
| Statement of responsibility, etc | Grace Paige, and Jane Paige |
| 260 ## - PUBLICATION, DISTRIBUTION, ETC. (IMPRINT) | |
| Place of publication, distribution, etc | London |
| Name of publisher, distributor, etc | Cassell Education |
| Date of publication, distribution, etc | 1984. |
| 300 ## - PHYSICAL DESCRIPTION | |
| Extent | 210 pages :: |
| Dimensions | 24 cm. |
| Other physical details | illustration ; |
| 942 ## - ADDED ENTRY ELEMENTS (KOHA) | |
| Source of classification or shelving scheme | Library of Congress Classification |
| Koha item type | Books |
| Withdrawn status | Lost status | Source of classification or shelving scheme | Damaged status | Home library | Current library | Shelving location | Date acquired | Total Checkouts | Full call number | Barcode | Date last seen | Copy number | Price effective from | Koha item type |
|---|---|---|---|---|---|---|---|---|---|---|---|---|---|---|
| Library of Congress Classification | Southville International School Affiliated with Foreign Universities Library | Southville International School Affiliated with Foreign Universities Library | Southville Foreign University Section | 08/24/2013 | TX 930 .P35 1984 | SFU0531 | 05/15/2018 | 1 | 08/24/2013 | Books |